000 00844nam a2200253 i 4500
001 11540
003 ES-MaACL
005 20240228154518.0
007 t|
008 930112s1992 sp a |||| | spa d
020 _a84-206-2725-9
080 _a930.85(460)"07/14"
100 1 _aGlick, Thomas F.
_957440
245 1 0 _aTecnología, ciencia y cultura en la España medieval /
_cThomas F. Glick ; versión española de Víctor Navarro Brotóns.
260 _aMadrid :
_bAlianza Editorial,
_cD.L. 1992.
300 _a167 p. :
_bil. ;
_c20 cm.
490 1 _aAlianza universidad ;
_v725
504 _aBibliografía: p. 160-167.
651 7 _aEspaña-
_xCivilización-
_y0414-1474
_2
_9161502
700 1 _aNavarro, Víctor.
_985088
830 0 _aAlianza universidad ;
_v725
_9177276
852 _aES-MaACL
_jL-18863
999 _c11540
_d11540